| 000 | 01476cam a22002891i 4500 | ||
|---|---|---|---|
| 003 | SA_RiAUC | ||
| 005 | 20250409065323.0 | ||
| 008 | 250408s2008____le o g 000 0 ara c | ||
| 040 |
_aSA-JeALM _bara _cSA-RiAUC _erda |
||
| 043 | _aa-su--- | ||
| 082 | 0 | 4 |
_a915.122 _qSA-RiAUC |
| 090 |
_a915.122 _b ج م ا |
||
| 100 | 1 |
_aجمال الدين القاسمي، جمال الدين بن محمد سعيد بن قاسم، _d1283-1332 هجري _eمؤلف. |
|
| 245 | 1 | 0 |
_aرحلتي إلى المدينة المنورة / _bويليه اجازته للأعلام محمد بن جعفر الكتاني . محمد عبدالحي الكتاني . احمد محمد شاكر _cتأليف جمال الدين القاسمي الدمشقي ؛ تحقيق محمد بن ناصر العجمي. |
| 250 | _aالطبعة الأولى. | ||
| 264 | 1 |
_aبيروت : _bدار البشائر الإسلامية للطباعة والنشر والتوزيع، _c2008 |
|
| 300 |
_a112 صفحة : _bصور ؛ _c24 سم. |
||
| 336 |
_aنص _btxt _2rdacontent _3كتاب |
||
| 337 |
_aبدون وسيط _bn _2rdamedia |
||
| 338 |
_aمجلد _bnc _2rdacarrier |
||
| 490 | 0 | _aمن نوادر الرحلات والإجازات | |
| 651 | 7 |
_aالمدينة المنورة _xوصف ورحلات _2aucsh |
|
| 651 | 7 |
_aالمدينة المنورة _xجغرافيا _2aucsh |
|
| 700 | 1 |
_aالعجمي، محمد بن ناصر _eمحقق. |
|
| 942 |
_2ddc _cBOOK _n0 |
||
| 949 |
_aSA-JeALM _d250408 _uosman123 _n1 |
||
| 999 |
_c6793 _d6793 |
||